| 000 | 01702nam a2200433 i 4500 | ||
|---|---|---|---|
| 001 | DIGDJUST0131 | ||
| 003 | NyNyDIG | ||
| 006 | m o d | ||
| 007 | cr ||||||||||| | ||
| 008 | 240104s2013 ck ab ob 000 0 spa d | ||
| 035 | _a(OCoLC)1419044354 | ||
| 040 |
_aDGITA _beng _erda _epn _cDGITA |
||
| 020 |
_a9789585822894 _qversión digital |
||
| 020 |
_z9789585830905 _qversión impresa |
||
| 043 | _as-ck--- | ||
| 050 | 1 | 4 | _aLC191.8.C7 ebook |
| 100 | 1 |
_aGarcía Villegas, Mauricio, _eauthor. |
|
| 245 | 1 | 0 |
_aSeparados y desiguales : _beducación y clases sociales en Colombia / _cMauricio García Villegas [and 3 others]. |
| 250 | _aPrimera edición. | ||
| 264 | 1 |
_aBogotá, D.C. : _bEditorial Dejusticia, _c[2013] |
|
| 300 |
_a1 online resource : _billustrations, maps. |
||
| 336 |
_atext _btxt _2rdacontent |
||
| 337 |
_acomputer file _bc _2rdamedia |
||
| 338 |
_aonline resource _bcr _2rdacarrier |
||
| 347 |
_atext file _2rdaft |
||
| 347 | _bPDF | ||
| 490 | 1 | _aColección Dejusticia | |
| 504 | _aIncludes bibliographical references. | ||
| 588 | 0 | _aOnline resource; title from PDF title page (Digitalia, viewed January 4, 2024) | |
| 650 | 0 |
_aEducational sociology _zColombia. |
|
| 650 | 0 |
_aEducation _xSocial aspects. |
|
| 776 | 0 | 8 |
_iPrint version: _aGarcía Villegas, Mauricio. _tSeparados y desiguales. _bPrimera edición. _dBogotá, D.C. : Editorial Dejusticia, [2013] _z9789585830905 |
| 791 | 2 |
_aDigitalia (Firm), _edistributor. |
|
| 793 | 0 |
_gDigitalia eBook Collection: _aEditorial Dejusticia |
|
| 830 | 0 | _aColección Dejusticia. | |
| 856 | 4 | 0 |
_3Digitalia Hispánica _uhttps://www.digitaliapublishing.com/a/130779/ |
| 910 | _aPremium collection: 2024 | ||
| 942 | _cRAA | ||
| 999 |
_c281192 _d281192 |
||